Программирование на Java / ДО 2019: электронный курс
| Hlavní autor: | |
|---|---|
| Korporativní autor: | |
| Shrnutí: | Заглавие с экрана Целями освоения дисциплины (модуля) является формирование у обучающихся определенного состава компетенций (результатов освоения) для подготовки к профессиональной деятельности: способен разрабатывать алгоритмы и программы, пригодные для практического использования; демонстрирует способность разрабатывать алгоритмы и программы, пригодные для практического применения; имеет навыки программирования, отладки и тестирования прототипов программно-технических комплексов задач, проектированию, конструированию и тестированию программных продуктов. Знает основные языки программирования и работы с базами данных, операционные системы и оболочки, современные программные среды разработки информационных систем и технологий. Профиль подготовки: Разработка программно-информационных систем Доступ по логину и паролю |
| Jazyk: | ruština |
| Vydáno: |
Томск, TPU Moodle, 2022
|
| Témata: | |
| On-line přístup: | https://design.lms.tpu.ru/course/view.php?id=4109 |
| Médium: | MixedMaterials Elektronický zdroj Kniha |
| KOHA link: | https://koha.lib.tpu.ru/cgi-bin/koha/opac-detail.pl?biblionumber=667715 |
MARC
| LEADER | 00000nlm0a2200000 4500 | ||
|---|---|---|---|
| 001 | 667715 | ||
| 005 | 20231102030940.0 | ||
| 035 | |a (RuTPU)RU\TPU\network\38926 | ||
| 035 | |a RU\TPU\network\38102 | ||
| 090 | |a 667715 | ||
| 100 | |a 20220413d2022 m y0rusy50 ca | ||
| 101 | 0 | |a rus | |
| 102 | |a RU | ||
| 105 | |a a j 000zy | ||
| 135 | |a jrcn ---uucaa | ||
| 181 | 0 | |a i | |
| 182 | 0 | |a b | |
| 200 | 1 | |a Программирование на Java / ДО 2019 |e электронный курс |f О. Б. Фофанов |g Национальный исследовательский Томский политехнический университет, Инженерная школа информационных технологий и робототехники, Отделение информационных технологий | |
| 203 | |a Текст |c электронный | ||
| 210 | |a Томск |c TPU Moodle |d 2022 | ||
| 230 | |a Электрон. дан. | ||
| 300 | |a Заглавие с экрана | ||
| 330 | |a Целями освоения дисциплины (модуля) является формирование у обучающихся определенного состава компетенций (результатов освоения) для подготовки к профессиональной деятельности: способен разрабатывать алгоритмы и программы, пригодные для практического использования; демонстрирует способность разрабатывать алгоритмы и программы, пригодные для практического применения; имеет навыки программирования, отладки и тестирования прототипов программно-технических комплексов задач, проектированию, конструированию и тестированию программных продуктов. Знает основные языки программирования и работы с базами данных, операционные системы и оболочки, современные программные среды разработки информационных систем и технологий. Профиль подготовки: Разработка программно-информационных систем | ||
| 333 | |a Доступ по логину и паролю | ||
| 606 | 1 | |a Языки программирования |2 stltpush |3 (RuTPU)RU\TPU\subj\65957 |9 82264 | |
| 610 | 1 | |a электронный ресурс | |
| 610 | 1 | |a труды учёных ТПУ | |
| 610 | 1 | |a электронное обучение | |
| 610 | 1 | |a электронные курсы ТПУ | |
| 610 | 1 | |a электронные учебные пособия | |
| 610 | 1 | |a Eclipse | |
| 610 | 1 | |a лексемы | |
| 610 | 1 | |a Java | |
| 610 | 1 | |a управляющие конструкции | |
| 610 | 1 | |a одномерные массивы | |
| 610 | 1 | |a многомерные массивы | |
| 610 | 1 | |a строковые данные | |
| 610 | 1 | |a объектно-ориентированное программирование | |
| 675 | |a 004.43(075.8) |v 4 | ||
| 700 | 1 | |a Фофанов |b О. Б. |c специалист в области информатики и вычислительной техники |c доцент Томского политехнического университета, кандидат технических наук |f 1949- |g Олег Борисович |2 stltpush |3 (RuTPU)RU\TPU\pers\26758 | |
| 712 | 0 | 2 | |a Национальный исследовательский Томский политехнический университет |b Инженерная школа информационных технологий и робототехники |b Отделение информационных технологий |h 7951 |2 stltpush |3 (RuTPU)RU\TPU\col\23515 |
| 801 | 2 | |a RU |b 63413507 |c 20220812 |g RCR | |
| 856 | 4 | |u https://design.lms.tpu.ru/course/view.php?id=4109 | |
| 942 | |c CF | ||